| 000 | 00000nam##2200000za#4500 |
| 001 | 9.676036 |
| 003 | CaOODSP |
| 005 | 20250403105551 |
| 007 | cr ||||||||||| |
| 008 | 150407|1991||||xxc|||||o f|0| 0 fre|d |
| 040 | |aCaOODSP|bfre |
| 041 | |aeng |
| 041 | |afre |
| 043 | |an-cn--- |
| 086 | 1 |aCS92-F00031/1991-PDF |
| 245 | 00|aTrousse de l'enseignant : données du recensement de 1991 - guide |h[ressource électronique] |
| 260 | |aOttawa - Ontario : |bStatistique Canada |c1991. |
| 500 | |aLe texte français suit le texte anglais. Publication du recensement historique numérisé par Statistique Canada. |
| 590 | |a13-04-Supp|b2013-02-13 |
| 710 | 2 |aStatistique Canada. |
| 791 | |t1991 teacher's kit : results - guide |eeng|w(CaOODSP)9.676035 |
| 856 | 40|ahttp://publications.gc.ca|qPDF|s73.3 Mo|uhttps://publications.gc.ca/collections/collection_2013/statcan/rh-hc/CS92-F00031-1991.pdf |